00900cam a22002777a 4500003000500000005001700005008004100022010000900063011000900072020001500081035000900096040000900105082002100114110000800135245015800143260002300301300003000324490004500354650003300399650004600432650002600478650003300504650002300537700001700560830004500577CHAP20220817041141.0971013s1992 it a r 00010 fre d a7492 a8464 a9252028013 a7693 cCHAP a636.08bF3f v.81 aFAO10aDiagnostic bactériologique vétérinaire; méthodes de laboratoire pour le diagnostic de certaines maladies du bétailc/par G.G. Alton ...[et al.] aRome :bFAO,c1992 a229 p. :cilus., gráfs. 0aFAO. Producción y sanidad animalv; 8114aBacteriología veterinaria.14aBacteriologíaxManuales de laboratorio.14aGanadoxEnfermedades.14aMicrobiología veterinaria.14aSerodiagnóstico.0 aAlton, G. G. 0aFAO. Producción y sanidad animalv; 81